Figures of speech : (Record no. 18554)
[ view plain ]
| 000 -LEADER | |
|---|---|
| fixed length control field | 01617cam a2200349 a 4500 |
| 001 - CONTROL NUMBER | |
| control field | 15847790 |
| 005 - DATE AND TIME OF LATEST TRANSACTION | |
| control field | 20170113082910.0 |
| 008 - FIXED-LENGTH DATA ELEMENTS--GENERAL INFORMATION | |
| fixed length control field | 090803s2010 caua b s001 0 eng |
| 010 ## - LIBRARY OF CONGRESS CONTROL NUMBER | |
| LC control number | 2009031956 |
| 020 ## - INTERNATIONAL STANDARD BOOK NUMBER | |
| International Standard Book Number | 9780520259546 (cloth : alk. paper) |
| 020 ## - INTERNATIONAL STANDARD BOOK NUMBER | |
| International Standard Book Number | 0520259548 (cloth : alk. paper) |
| 050 00 - LIBRARY OF CONGRESS CALL NUMBER | |
| Classification number | N 7780 .G53 2010 |
| 100 1# - MAIN ENTRY--PERSONAL NAME | |
| Personal name | Gibson, Walter S. |
| 245 10 - TITLE STATEMENT | |
| Title | Figures of speech : |
| Remainder of title | picturing proverbs in renaissance Netherlands / |
| Statement of responsibility, etc. | Walter S. Gibson. |
| 260 ## - PUBLICATION, DISTRIBUTION, ETC. (IMPRINT) | |
| Place of publication, distribution, etc. | Berkeley : |
| Name of publisher, distributor, etc. | University of California Press, |
| Date of publication, distribution, etc. | c2010. |
| 300 ## - PHYSICAL DESCRIPTION | |
| Extent | xv, 236 p. : |
| Other physical details | ill. ; |
| Dimensions | 24 cm. |
| 504 ## - BIBLIOGRAPHY, ETC. NOTE | |
| Bibliography, etc | Includes bibliographical references (p. 215-228) and index. |
| 505 0# - FORMATTED CONTENTS NOTE | |
| Formatted contents note | A passion for proverbs -- The proverb portrayed -- From hay to turnips: the curious career of a Bosch invention -- Loquacious pictures: twelve emblematic proverb engravings -- The Battle for the breeches: a proverb in the making. |
| 650 #0 - SUBJECT ADDED ENTRY--TOPICAL TERM | |
| Topical term or geographic name as entry element | Proverbs in art. |
| 650 #0 - SUBJECT ADDED ENTRY--TOPICAL TERM | |
| Topical term or geographic name as entry element | Art, Renaissance |
| Geographic subdivision | Netherlands. |
| 650 #0 - SUBJECT ADDED ENTRY--TOPICAL TERM | |
| Topical term or geographic name as entry element | Art, Renaissance |
| Geographic subdivision | Belgium. |
| 650 #0 - SUBJECT ADDED ENTRY--TOPICAL TERM | |
| Topical term or geographic name as entry element | Art, Netherlandish. |
| 942 ## - ADDED ENTRY ELEMENTS (KOHA) | |
| Source of classification or shelving scheme | |
| Koha item type | Hard Covered Materials |
| Classification part | N 7780 .G53 2010 |
| Withdrawn status | Lost status | Source of classification or shelving scheme | Damaged status | Not for loan | Home library | Current library | Shelving location | Date acquired | Source of acquisition | Total Checkouts | Full call number | Barcode | Date last seen | Price effective from | Koha item type |
|---|---|---|---|---|---|---|---|---|---|---|---|---|---|---|---|
| MACHAKOS UNIVERSITY LIBRARY | MACHAKOS UNIVERSITY LIBRARY | Technical section | 13/01/2017 | Donation (BFA) | N 7780 .G53 2010 | 29318 | 08/06/2018 | 13/01/2017 | Hard Covered Materials |